| 000 | 01307nam a2200265Ia 4500 | ||
|---|---|---|---|
| 001 | 18129 | ||
| 003 | GE_BSU | ||
| 008 | 181216s||||||||xx |||||||||||||| ||und|| | ||
| 020 | _a9789941101175 | ||
| 040 | _cGE_BSU | ||
| 080 | _a811.353.31(036) | ||
| 100 | _aჩიქობავა, არნოლდ | ||
| 245 | _aშრომები = Works = Труды. ტ. 4. ჭანურ-მეგრულ-ქართული | ||
| 245 | _cრედ. ვ. შენგელია | ||
| 250 | _aარნოლდ ჩიქობავას სახელობის ენათმეცნიერების ინ-ტი. ივანე ჯავახიშვილის სახ. თბილისის სახ. უნ-ტი | ||
| 260 | _aთბილისი | ||
| 260 | _bარნოლდ ჩიქობავას ენათმეცნიერების ინ-ტი | ||
| 260 | _c2008 | ||
| 300 | _a488გვ.25 სმ. 1 ფოტო | ||
| 520 | _aპარალ. სათ. ინგლ. და რუს. ენ. | ||
| 541 | _h20ლ. | ||
| 653 | _aქართველური ენების შედარებითი ლექსიკოლოგია | ||
| 653 | _aჭანურ-მეგრულ-ქართული | ||
| 942 | _cBK | ||
| 999 |
_c51170 _d51170 |
||